metalcore album names pt.1 - Statistics

General Stats
  • This quiz has been taken 60 times
  • The average score is 6 of 8
Answer Stats
Picture Answer % Correct
TRUE POWER
92%
Creatures
86%
Reverence
86%
The Poison
86%
The Surface
84%
Popular Monster
62%
For Those That Wish To Exist
52%
Finding God Before God Finds Me
34%
No matching quizzes found
Score Distribution
Percent of People with Each Score
Percentile by Number Answered
Your Score History
You have not taken this quiz